Η δημοκρατική λειτουργία σε καμπή : προκλήσεις και απειλές στον πρώιμο 21ο αιώνα

Saved in:
Bibliographic Details
Other Authors: Σεφεριάδης, Σεραφείμ Ι. (Editor, Author of introduction, etc.)
Format: Book
Language:Greek
Published: Αθήνα : Νήσος ; Ελληνική Εταιρεία Πολιτικής Επιστήμης, 2014.
Subjects:
Tags: Add Tag
No Tags, Be the first to tag this record!

MARC

LEADER 00000nam a2200000 a 4500
001 1/111482
008 160822s2014####gr | ||| |||| ||gre||
020 |a 9789609535892 
040 |a GR-MyUa  |b gre  |c GR-MyUa  |e AACR2 
041 0 |a gre 
082 7 |a 321.8   |2 (23)  
245 0 2 |a Η δημοκρατική λειτουργία σε καμπή :   |b προκλήσεις και απειλές στον πρώιμο 21ο αιώνα /   |c επιμέλεια - εισαγωγή Σεραφείμ Ι. Σεφεριάδης.  
260 |a Αθήνα :   |b Νήσος ;   |b Ελληνική Εταιρεία Πολιτικής Επιστήμης,   |c 2014.  
300 |a 604 σ. ;   |c 20 εκ.  
504 |a Περιλαμβάνει βιβλιογραφία.  
650 0 |a Democracy. 
700 1 |a Σεφεριάδης, Σεραφείμ Ι.  |e edt  |e aui 
852 |a INST  |b LESVOS  |c EUDOXUS  |e 20160822  |h 321.8 ΔΗΜ  |p 005100058113  |q 005100058113  |t EDX  |y 0 
920 |a Εύδοξος  |b Παραγγελία  |y Λέσβος-ΤΚ  |z 2016-04 
970 |a Τζαφέρη  |b Ευαγγελία  |z 22-08-2016